Statistics for Songs With Animals In The Lyrics

Click here to take the quiz!

General Stats

  • This quiz has been taken 494 times
    (490 since last reset)
  • The average score is 15 of 20

Answer Stats

ArtistsAnimal Lyrics% Correct
The TokensIn the jungle, the mighty jungle
The {lion} sleeps tonight
99%
SurvivorIt's the eye of the {tiger}
It's the thrill of the fight
98%
Baha MenWho let the {dog}s out?
97%
AmericaI've been through the desert
On a {horse} with no name
90%
Harry ChapinAnd the {cat}'s in the cradle and the silver spoon
Little boy blue and the man in the moon
87%
Steve Miller BandI want to fly like an {eagle}
To the sea
Fly like an {eagle}
Let my spirit carry me
87%
Duran DuranSmell like I sound, I'm lost in a crowd
And I'm hungry like the {wolf}
83%
Culture ClubKarma, karma, karma, karma, karma {chameleon}
81%
Elvis PresleyYou ain't nothing but a {hound} {dog} crying all the time
79%
Beastie BoysBrass {Monkey}, that funky {Monkey}
Brass {Monkey} junkie
That funky {Monkey}
77%
Meat LoafLike a {bat} out of hell I'll be gone when the morning comes
77%
Elton JohnBut the biggest kick I ever got
Was doing a thing called the {Crocodile} Rock
75%
PrinceWhy do we scream at each other?
This is what it sounds like
When {dove}s cry
74%
Rick Dees And His Cast Of IdiotsI was on the dance floor acting strange
Flapping my arms I began to cluck
Look at me, I'm the disco {duck}
71%
Elmo & PatsyGrandma got run over by a {reindeer}
Walking home from our house Christmas eve
70%
Paul AnkaAnd they called it {puppy} love
Oh I guess they'll never know
69%
Bob MarleySaid he was a {Buffalo} Soldier, dreadlock Rasta
53%
The Beatles{Blackbird} singing in the dead of night
Take these broken wings and learn to fly
52%
Bobby DarinOh, the {shark}, babe, has such teeth, dear
And it shows them pearly white
44%
The BeatlesRocky {Raccoon} checked into his room
Only to find Gideon's bible
38%

Score Distribution

Percentile by Number Answered

Percent of People with Each Score

Your Score History

You have not taken this quiz since the last reset